| Tag |
First Indicator |
Second Indicator |
Subfields |
| LEADER |
00000cam a2200000Ia 4500 |
| 001 |
in00001674821 |
| 005 |
20151024130254.0 |
| 008 |
010223s2000 oku bf 000 0 eng d |
| 020 |
|
|
|a 1581070268
|
| 035 |
|
|
|a (OCoLC)ocm46315643
|
| 040 |
|
|
|a XOH
|c XOH
|d CSJ
|d TXA
|d UtOrBLW
|
| 049 |
|
|
|a TXAM
|
| 090 |
|
|
|a LB2369
|b .S45 2000
|
| 092 |
|
|
|a 808.02
|b SHI
|
| 100 |
1 |
|
|a Shields, Patricia M.
|
| 245 |
1 |
0 |
|a Step by step :
|b building a research paper /
|c by Patricia M. Shields.
|
| 246 |
3 |
0 |
|a Building a research paper
|
| 264 |
|
1 |
|a Stillwater, OK :
|b New Forums Press,
|c [2000]
|
| 264 |
|
4 |
|c ©2000
|
| 300 |
|
|
|a 1 volume (looseleaf) ;
|c 28 cm.
|
| 336 |
|
|
|a text
|b txt
|2 rdacontent
|
| 337 |
|
|
|a unmediated
|b n
|2 rdamedia
|
| 338 |
|
|
|a volume
|b nc
|2 rdacarrier
|
| 490 |
1 |
|
|a The New Forums better teaching series
|
| 504 |
|
|
|a Includes bibliographical references (chapter 1: page 17).
|
| 650 |
|
0 |
|a Report writing
|v Handbooks, manuals, etc.
|
| 650 |
|
0 |
|a Research
|v Handbooks, manuals, etc.
|
| 830 |
|
0 |
|a New Forums better teaching series.
|
| 948 |
|
|
|a cataloged
|b h
|c 2002/7/10
|d c
|e jgreene
|f 12:08:57 pm
|
| 994 |
|
|
|a E0
|b TXA
|
| 999 |
|
|
|a MARS
|
| 999 |
f |
f |
|s 10f07e31-5b77-3701-a03d-212ddeebf960
|i e824babd-6adc-3446-8d20-26796aef9ad3
|t 0
|
| 952 |
f |
f |
|p normal
|a Texas A&M University
|b College Station
|c Sterling C. Evans Library
|d Evans: Library Stacks
|t 0
|e LB2369 .S45 2000
|h Library of Congress classification
|i unmediated -- volume
|m A14829199784
|
| 998 |
f |
f |
|a LB2369 .S45 2000
|t 0
|l Evans: Library Stacks
|